| 000 | 00662na a2200205 4500 | ||
|---|---|---|---|
| 001 | 15938 | ||
| 003 | MIRAKIL | ||
| 005 | 20181213154743.0 | ||
| 008 | 161008b tu 000 0 | ||
| 040 |
_aMilas _btur _cTR-AnCHP |
||
| 082 |
_a328.561 _bT15t 1962 |
||
| 090 | _a328.561 T15t 1962 | ||
| 110 | _aTürkiye Büyük Millet Meclisi (TBMM) | ||
| 245 |
_aT.B.M.M. albümü _bDönem: 1 toplantı: 1 25.10.1961 _cTürkiye Büyük Millet Meclisi (TBMM) |
||
| 246 | _aDönem: 1 toplantı: 1 25.10.1961 | ||
| 260 |
_aAnkara _bTürkiye Büyük Millet Meclisi (TBMM) _c1962 |
||
| 300 |
_a202 s. _bfotğ. _c17 sm. |
||
| 610 |
_aTBMM _xAlbümler _y1961 |
||
| 942 |
_2ddc _cBKS |
||
| 999 |
_c308 _d308 |
||